Χρήμα και διεθνές τραπεζικό σύστημα

Saved in:
Bibliographic Details
Main Author: Στεριώτης, Κίμων Π.
Format: Book
Language:Greek
Published: Αθήνα : Σμπίλιας, c1995
Subjects:
Tags: Add Tag
No Tags, Be the first to tag this record!

MARC

LEADER 00000cam a2200000 i 4500
001 1/17266
008 010215s1995 gre d
020 |a 960-255-062-7 
035 |l 10066070 
040 |a GR-MY-UA  |b gre  |e aacr 
041 0 |a gre 
082 0 |a 332.4 
100 1 |a Στεριώτης, Κίμων Π. 
245 1 0 |a Χρήμα και διεθνές τραπεζικό σύστημα /  |c Κίμωνα Πέτρου Στεριώτη 
260 |a Αθήνα :   |b Σμπίλιας,   |c c1995 
300 |a 253 σ. 
504 |a Περιλαμβάνει βιβλιογραφία 
650 0 0 |a Money. 
650 0 0 |a Banks and banking, International. 
650 0 0 |a International finance. 
852 |a INST  |b CHIOS  |e 20010215  |h 332.4 ΣΤΕ  |p 005200021418  |q 005200021418  |t BK  |y 0 
901 |a BIBL2-2001-1 
909 |a Χ  |b 083063 
970 |a ΣΑΛΑΜΟΥΡΑ  |b ΜΑΡΙΑ  |z 2001/02/15